| 000 | 01199nac a22003131u 4500 | ||
|---|---|---|---|
| 003 | EG-ScBUE | ||
| 005 | 20220315134828.0 | ||
| 008 | 200219s2001 ua f 000 f eng d | ||
| 020 | _a9789774246852 | ||
| 020 | _a9774246853 | ||
| 040 |
_aEG-ScBUE _beng _erda _cEG-ScBUE _dEG-ScBUE |
||
| 041 | 1 |
_aeng _hara |
|
| 082 | 0 | 4 |
_a892.736 _bMAH _222 |
| 100 | 1 |
_aMaḥfūẓ, Najīb, _d1911-2006, _eauthor. |
|
| 245 | 1 | 4 |
_aThe day the leader was killed / _cNaguib Mahfouz ; translated by Malak Hashem. |
| 264 | 1 |
_aCairo : _bThe American University in Cairo Press, _c2001. |
|
| 300 |
_a102 pages ; _c21 cm |
||
| 336 |
_2rdacontent _atext _btxt |
||
| 337 |
_2rdamedia _aunmediated _bn |
||
| 338 |
_2rdacarrier _avolume _bnc |
||
| 546 | _aText in English ; translated from the original Arabic. | ||
| 650 | 7 |
_aArabic fiction _xTranslation into English. _2BUEsh |
|
| 653 |
_bARALIT _cMarch2022 |
||
| 655 |
_vReading book _934232 |
||
| 700 | 1 |
_aHashem, Malak, _etranslator. |
|
| 856 | 4 | 2 |
_3Contributor biographical information _uhttp://www.loc.gov/catdir/bios/random052/00024572.html |
| 856 | 4 | 2 |
_3Publisher description _uhttp://www.loc.gov/catdir/description/random043/00024572.html |
| 942 |
_cBB _2ddc |
||
| 999 |
_c2690 _d2690 |
||